Church history : (Record no. 8298)

MARC details
000 -LEADER
fixed length control field 02200cam a2200349 a 4500
001 - CONTROL NUMBER
control field 34876161
003 - CONTROL NUMBER IDENTIFIER
control field OCoLC
005 - DATE AND TIME OF LATEST TRANSACTION
control field 20191008152429.0
008 - FIXED-LENGTH DATA ELEMENTS--GENERAL INFORMATION
fixed length control field 960508s1996 tnu b 000 0 eng
010 ## - LIBRARY OF CONGRESS CONTROL NUMBER
LC control number 96020588
020 ## - INTERNATIONAL STANDARD BOOK NUMBER
International Standard Book Number 0687016118
Qualifying information (pbk. ;
-- alk. paper)
020 ## - INTERNATIONAL STANDARD BOOK NUMBER
International Standard Book Number 9780687016112
Qualifying information (pbk. ;
-- alk. paper)
035 ## - SYSTEM CONTROL NUMBER
System control number (OCoLC)34876161
Canceled/invalid control number (OCoLC)967782527
040 ## - CATALOGING SOURCE
Original cataloging agency DLC
Language of cataloging eng
Transcribing agency DLC
Modifying agency SDA
-- BAKER
-- BTCTA
-- YDXCP
-- DEBBG
-- SGB
-- OCLCO
-- OCLCF
-- CFT
-- OCLCQ
-- NZABT
-- OCLCO
-- OCLCQ
049 ## - LOCAL HOLDINGS (OCLC)
Holding library OSUU
050 00 - LIBRARY OF CONGRESS CALL NUMBER
Classification number BR145.2
Item number .G65 1996
082 ## - DEWEY DECIMAL CLASSIFICATION NUMBER
Edition number 23
Classification number 270
Item number G643C
100 1# - MAIN ENTRY--PERSONAL NAME
Personal name González, Justo L
245 10 - TITLE STATEMENT
Title Church history :
Remainder of title an essential guide /
Statement of responsibility, etc. Justo L. González
260 ## - PUBLICATION, DISTRIBUTION, ETC.
Place of publication, distribution, etc. Nashville :
Name of publisher, distributor, etc. Abingdon Press,
Date of publication, distribution, etc. ©1996
300 ## - PHYSICAL DESCRIPTION
Extent 95 pages ;
Dimensions 23 cm
336 ## - CONTENT TYPE
Content type term text
Content type code txt
Source rdacontent
337 ## - MEDIA TYPE
Media type term unmediated
Media type code n
Source rdamedia
338 ## - CARRIER TYPE
Carrier type term volume
Carrier type code nc
Source rdacarrier
490 1# - SERIES STATEMENT
Series statement Abingdon essential guides
504 ## - BIBLIOGRAPHY, ETC. NOTE
Bibliography, etc. note Includes bibliographical references
505 0# - FORMATTED CONTENTS NOTE
Formatted contents note The ancient church -- The Christian empire -- The early middle ages -- The high point of the middle ages -- The late middle ages -- Conquest and reformation -- The seventeenth and eighteenth centuries -- The nineteenth century -- The twentieth century and the end of modernity
520 ## - SUMMARY, ETC.
Summary, etc. One of the chief difficulties in studying the history of Christianity is the lack of prior exposure to the subject that students often bring with them. Struggling to keep up with the large numbers of names, dates, and places presented to them, it is easy for students to lose sight of the "big picture," the broad sweep of movement and change that instructors most wish to communicate. Justo Gonzalez has written this book to help students gain just such a quick and basic grasp of the main periods and issues in the history of Christianity. Drawing upon his own extensive experience and that of others, he contends that having been introduced to the essentials of church history in a brief and accessible form, students are then far better able to understand and appreciate what they encounter in more detailed lectures and reading
650 #0 - SUBJECT ADDED ENTRY--TOPICAL TERM
Topical term or geographic name entry element Church history
830 #0 - SERIES ADDED ENTRY--UNIFORM TITLE
Uniform title Abingdon essential guides
942 ## - ADDED ENTRY ELEMENTS (KOHA)
Source of classification or shelving scheme Dewey Decimal Classification
Koha item type Books
Holdings
Withdrawn status Lost status Source of classification or shelving scheme Damaged status Not for loan Collection code Home library Current library Date acquired Total Checkouts Full call number Barcode Date last seen Price effective from Koha item type
    Dewey Decimal Classification     Non-fiction Harvest Mission College Harvest Mission College 08.10.2019   270 G643C 009410 08.10.2019 08.10.2019 Books

OPAC Designed and Maintained by HMC Library Team.
Copyright © HMC Library,Greater Noida, UP.
For any Suggestions/Query Contact library via Email:libhmc@gmail.com